000 01582 a2200181 4500
020 _a0072964464 (hardcover)
020 _a9780072964462 (hardcover)
082 0 4 _a651.7
090 _c5595
_d5595
100 1 _aLocker, Kitty O.
245 1 0 _aBusiness and administrative communication /
_cKitty O. Locker.
250 _a7th ed.
260 _a[S.l.] :
_bMcGraw-Hill/Irwin,
_c2004.
300 _a686 p. ;
_c29 cm.
520 _aThis Seventh Edition of Business and Administrative Communication by Kitty Locker is a true leader in the business communications field. Beyond covering the broad scope of topics in both oral and written business communication, Locker’s text uses a student-friendly writing style and strong design element to hold student attention. Real-world examples and real business applications underscore the relevance and importance of the material presented to the classroom experience and to the students’ careers. Kitty Locker’s text also conveys the best possible advice to students through its research base; the author’s reputation as a contributor to this field of study lends an even greater element of teachability and relevance to this market-leading title. Locker continues to lead the pack with innovative technology offerings – the BComm Skill Booster, PowerWeb – round out the learning experience with Business and Administrative Com
856 _3Amazon.com
_uhttp://www.amazon.com/exec/obidos/ASIN/0072964464/chop
942 _aNBS
_cBK
_k651.7 LOC
999 _c347999
_d347999